Anàlisi de la mortalitat a Catalunya : 1983 / responsable de l'edició: Andreu Segura i Benedicto, redacció, Jaume Domènech i Domènech 1983 / responsable de l'edició:
Publicado:
Barcelona :
Generalitat de Catalunya, Departament de Sanitat i Seguretat Social, Secretaria General ,
1985
Descripción Física:
212 p. ; 30 cm
Materias:
Mortalitat -- Catalunya -- 1983
MARC
| LEADER | 00000nam a2200000Ia 4500 | ||
|---|---|---|---|
| 001 | 1585 | ||
| 008 | 160829s1985 xx 000 0 cat d | ||
| 080 | |a M-3-253 | ||
| 245 | |a Anàlisi de la mortalitat a Catalunya : |b 1983 / responsable de l'edició: |b Andreu Segura i Benedicto, redacció, Jaume Domènech i Domènech | ||
| 260 | |a Barcelona : |b Generalitat de Catalunya, Departament de Sanitat i Seguretat Social, Secretaria General, |c 1985 | ||
| 300 | |a 212 p. ; |c 30 cm | ||
| 650 | |a Mortalitat |x Catalunya |x 1983 |9 27361 | ||
| 700 | |a Segura i Benedicto, Andreu, ed. |9 27362 | ||
| 700 | 1 | |a Domènech Domènech, Jaume |9 27363 | |
| 901 | |a Arxiu | ||
| 942 | |n 1 | ||
| 952 | |0 0 |1 0 |4 0 |6 M3253 |7 1 |9 44361 |a Arxiu |b Arxiu |d 2016-12-01 |l 0 |o M-3-253 |p 1585 |r 2016-12-01 00:00:00 |w 2016-12-01 |y ARXIU | ||
| 999 | |c 46942 |d 46942 | ||